00330pab a2200121 454500008003600000100001500036245006000051650001900111650001100130650002600141700002100167773002000188180718b xxu||||| |||| 00| 0 eng d aRoy, Aditi aPrivatisation - a panacea for the Indian banking system a Privatisation a Banks aPrivatisation - India aPrasad, Pulak C. aBanking Finance